00832nam a2200253 a 450000100060000000300080000600500170001400800390003103500190007004000280008904100080011708200260012524501260015126000420027730000180031950400370033750400200037450500490039465100280044365100380047170000210050970000280053070000200055864473BD-RjUL20211209081319.0170215s1940 enk b 001 0 eng a(BD-RjUL)64603 aDLCcOClWdBD-RjULbeng aeng00a942bCAM V-2 194022304aThe Cambridge history of the British Empire /cJ Holland Rose; Arthur Percival Newton; Ernest Alfred BeniansnVolume II : aCambridge :bUniversity Press,cc1940 aV.2 ;c24 cm. aBibliography: v.8, p.[917]-1017. aIncludes index.0 aV. 2- The growth of the new empire 1783-1870 0aGreat BritainxHistory. 0aGreat BritainxColoniesxHistory.1 aRose, J Holland 1 aNewton, Arthur Percival1 aBenians, E. A.